书目信息 |
| 题名: |
向任长霞同志学习
|
|
| 作者: | 本书编写组[编] | |
| 分册: | ||
| 出版信息: | 北京 中共党史出版社 2004.05 |
|
| 页数: | 177页 | |
| 开本: | 20cm | |
| 丛书名: | ||
| 单 册: | ||
| 中图分类: | K828.2=76 | |
| 科图分类: | ||
| 主题词: | 女性--警察--英雄模范事迹--中国 | |
| 电子资源: | ||
| ISBN: | 7-80199-060-9 | |
| 000 | 00888nam0 2200217 450 | |
| 001 | 010282704953 | |
| 005 | 20051014092618.33 | |
| 010 | @a7-80199-060-9@dCNY12.00 | |
| 100 | @a20050901d2004 km y0chiy0120 ea | |
| 101 | 0 | @achi |
| 102 | @aCN@b110000 | |
| 105 | @ay z 000yy | |
| 200 | 1 | @a向任长霞同志学习@Axiang ren chang xia tong zhi xue xi@e深入学习胡锦涛温家宝同志指示精神@f本书编写组[编]@Fben shu bian xie zu[bian] |
| 210 | @a北京@c中共党史出版社@d2004.05 | |
| 215 | @a177页@d20cm | |
| 330 | @a本书包括:充分认识开展向任长霞同志学习活动的重大意义、学习任长霞同志的崇高精神和优秀品质、始终牢记党的全心全意为人民服务的宗旨等章节。 | |
| 517 | 1 | @a深入学习胡锦涛温家宝同志指示精神@Ashen ru xue xi hu jin tao wen jia bao tong zhi zhi shi jing shen |
| 606 | 0 | @a女性@x警察@x英雄模范事迹@y中国 |
| 690 | @aK828.2=76@v4 | |
| 801 | 0 | @aCN@bQSSK@c20051014 |
| 905 | @a10447@dK828.2=76@eX278 | |
| 向任长霞同志学习:深入学习胡锦涛温家宝同志指示精神/本书编写组[编].-北京:中共党史出版社,2004.05 |
| 177页;20cm |
| ISBN 7-80199-060-9:CNY12.00 |
| 本书包括:充分认识开展向任长霞同志学习活动的重大意义、学习任长霞同志的崇高精神和优秀品质、始终牢记党的全心全意为人民服务的宗旨等章节。 |
| ● |
| 相关链接 |
|
|
|
正题名:向任长霞同志学习
索取号:K828.2=76/X278
 
预约/预借
| 序号 | 登录号 | 条形码 | 馆藏地/架位号 | 状态 | 备注 |
| 1 | 568198 | 205681984 | 社科库309/309社科库 60排1列3层/ [索取号:K828.2=76/X278] | 在馆 | |
| 2 | 568199 | 205681993 | 社科库309/309社科库 60排1列3层/ [索取号:K828.2=76/X278] | 在馆 | |
| 3 | 568200 | 205682000 | 社科库309/309社科库 60排1列3层/ [索取号:K828.2=76/X278] | 在馆 |